| 000 | 00860nam0a22002531 4500 | ||
|---|---|---|---|
| 001 | rc\476765 | ||
| 005 | 20250621100912.0 | ||
| 010 |
_a5-633-00095-1 _9150000 |
||
| 035 | _a(NLR Aleph) 005719980 | ||
| 090 |
_a7468610 _c7468610 |
||
| 100 | _a20030616d1988 |||y0rusy50 ca | ||
| 101 | 0 | _arus | |
| 102 | _aRU | ||
| 105 | _aa ||||||||| | ||
| 200 | 1 |
_aКонь озорной _eСтихи _e[Для дошк. и мл. шк. возраста] _fБилял Мамбет _gПер. с крым.-татар. Р. Фархади _gРис. Л. Садыковой |
|
| 210 |
_aТашкент _cЕш гвардия _d1988 |
||
| 215 |
_a30, [1] с. _cцв. ил. _d29 |
||
| 700 | 1 |
_aМамбет _bБ. _gБилял |
|
| 702 | 1 |
_aФархади _bР. _gРаим _4730 |
|
| 801 | 0 |
_aRU _bNLR _gpsbo |
|
| 801 | 1 |
_aRU _bELAR _2rusmarc |
|
| 852 |
_aNLR _j88-8/2132 |
||
| 942 | _cBOOK | ||
| 980 | _aNB | ||